000 00724nam a2200265Ia 4500
005 20260302114734.0
008 008 260114s9999 xx 000 0 eng d
020 _a9798216183891
037 _aTextbook
040 _aCRL
040 _beng
040 _cCRL
041 _2eng
041 _aeng
084 _qCRL
100 _aChristina Soto van der Plas, Lacie Rae Buckwalter Cunningham
_91119609
245 0 _aLatino Literature An Encyclopedia for Students
260 _bBloomsbury
260 _bGreenwood
260 _c2023
650 _aLiterary Studies
856 _uhttps://doi.org/10.5040/9798216183891?locatt=label:secondary_bloomsburyCollections
942 _cEBOOK
999 _c1683669
_d1683669